| 000 | 01160cam a22003255a 4500 | ||
|---|---|---|---|
| 001 | 016199694 | ||
| 003 | EG-ScBUE | ||
| 005 | 20220605103914.0 | ||
| 008 | 121023s2015 enka f 000 0 eng d | ||
| 020 | _a9781447936909 | ||
| 040 |
_aStDuBDS _beng _erda _cStDuBDS _dEG-ScBUE |
||
| 082 | 0 | 4 |
_a428.240712 _222 _bCUT |
| 245 | 0 | 0 |
_aCutting edge, _pPre-intermediate, _pStudents' book / _c[students' notes] by Sarah Cunningham Peter Moor and Araminta Crace. |
| 250 | _aThird edition. | ||
| 264 | 1 |
_aHarlow, England : _bPearson Education Limited, _c2015. |
|
| 300 |
_a175 pages ; _billustrations ; _e30 cm + _c1 DVD |
||
| 336 |
_2rdacontent _atext _btxt |
||
| 336 |
_2rdacontent _aspoken word _bspw |
||
| 337 |
_2rdamedia _aunmediated _bn |
||
| 337 |
_2rdamedia _avideo _bv |
||
| 338 |
_2rdacarrier _avolume _bnc |
||
| 338 |
_2rdacarrier _acomputer disc _bcd |
||
| 650 | 7 |
_aEnglish language _xStudy and teaching (Secondary) _xForeign speakers. _2BUEsh _97782 |
|
| 651 | _2BUEsh | ||
| 653 |
_cAugust 2016 _bNNUR |
||
| 655 |
_vText book _933728 |
||
| 700 | 1 |
_aMoor, Sarah Cunningham Peter, _econtributor. |
|
| 700 | 1 |
_aCrace, Araminta, _econtributor. |
|
| 942 |
_2ddc _cBB |
||
| 999 |
_c22211 _d22183 |
||